[Event "Olympiad-36"]
[Site "Mallorca"]
[Date "2004.10.20"]
[Round "6"]
[White "Gelfand, Boris"]
[Black "Morozevich, Alexander"]
[Result "0-1"]
[WhiteElo "2693"]
[BlackElo "2758"]
[Annotator "Huebner,R"]
[PlyCount "106"]
[EventDate "2004.10.15"]
[EventType "team-swiss"]
[EventRounds "14"]
[EventCountry "ESP"]
[SourceTitle "CBM 104"]
[Source "ChessBase"]
[SourceDate "2005.01.27"]
[SourceVersion "1"]
[SourceVersionDate "2005.01.27"]
[SourceQuality "1"]
[WhiteTeam "Israel"]
[BlackTeam "Russia"]
[WhiteTeamCountry "ISR"]
[BlackTeamCountry "RUS"]

1. d4 d5 2. c4 c6 3. Nf3 Nf6 4. Nc3 dxc4 5. a4 Bf5 6. Ne5 Nbd7 7. Nxc4 Nd5 8.
f3 e5 9. e4 Nxc3 10. bxc3 Be6 11. Rb1 Qc7 12. Be3 Rd8 13. Qc2 Be7 $6 {Dies ist
ein neuer Zug. In der Vorgängerpartie geschah} (13... b6 14. Bd3 Bxc4 $6 (14...
Be7 {sieht besser aus.}) 15. Bxc4 Bd6 16. g3 O-O 17. O-O Kh8 18. f4 f6 19. Qg2
b5 20. Be6 Rfe8 21. Bf7 Rf8 22. Be6 Rfe8 23. Ba2 exd4 24. cxd4 bxa4 25. e5 Bf8
26. Rbc1 Nb8 27. Bb1 Qf7 28. Qc2 g6 29. Qxa4 c5 30. dxc5 Qc7 31. c6 {1-0
Beliavsky,A-Karttunen,M/Panormo 2001/CBM 84 ext (31).}) (13... f6 14. Bd3 Be7
15. O-O b5 16. Nd2 a6 {ist vielleicht die solideste Fortsetzung.}) 14. Be2 $6 (
14. Nxe5 Nxe5 15. dxe5 b6 16. f4 {verdient ernsthafte Erwägung.}) 14... f6 15.
O-O b6 $6 (15... O-O 16. Rbd1 b5 $11 {sieht genauer aus.}) 16. Rbd1 Bf7 17. f4
O-O 18. dxe5 $6 ({Die Fortsetzung} 18. fxe5 fxe5 19. Bf2 Bd6 20. Bg3 {gibt dem
Weißen einigen Druck.}) 18... fxe5 19. Rxd7 {Dies ist die Idee von 18.de5:,
aber Weiß erhält nicht mehr als eine ungefähr ausgeglichene Stellung.} ({Auch} 
19. Rd2 {führt zu einer etwa gleichen Position.}) 19... Qxd7 20. Nxe5 Qe8 (
20... Qc7 21. Nxf7 Kxf7 22. Bc4+ Ke8 23. e5 g6 24. Be6 {sieht unbequem für
Schwarz aus.}) 21. Nxf7 $2 {Weiß sollte seinen wohlzentralisierten Springer
nicht ohne weiteres abgeben; ab jetzt kann er nur noch mühsam ums Remis
kämpfen.} (21. a5 {gibt genug Initiative für die geopferte Qualität, zum
Beispiel} bxa5 22. Qa4 Be6 23. Qxc6 Bd6 24. Qxe8 Rdxe8 (24... Rfxe8 25. Bb5 (
25. Nc4 Bc7 $11) 25... Bxe5 26. Bxe8 Bc4 27. Rb1 $11) 25. Nc4 Bc7 26. e5 {
mit etwa ausgeglichener Stellung.}) 21... Qxf7 22. e5 Kh8 23. Kh1 $2 (23. Qe4 {
ist besser:} Qd5 24. Qxd5 Rxd5 25. Re1 (25. Bc4 {scheitert an} Bc5) 25... Ra5 (
25... Bc5 26. Bf3 {ist ganz befriedigend für Weiß.}) 26. Bd1 b5 27. axb5 cxb5
28. Be2 {mit einigen Rettungsaussichten für Weiß.}) 23... Qd5 24. Rf3 (24. Ra1
Bc5 {ist ebenso freudlos.}) 24... Bc5 25. Bc1 (25. Bxc5 {ist ebenfalls
ungenügend:} Qxc5 26. Rh3 h6 27. Qg6 Qxe5 (27... Qe7 28. Bd3 {ist weniger
überzeugend.}) 28. Rxh6+ gxh6 29. Qxh6+ Kg8 30. Qg6+ Qg7 31. Bc4+ Rf7 32. Bxf7+
Kf8 33. Qxg7+ Kxg7 34. Bb3 Rd3 {, und Schwarz gewinnt.}) (25. c4 Qe6 26. Bxc5
bxc5 27. Bd3 Rd4 28. g3 Rfd8 {wird Weiß auf die Dauer auch nicht überleben.})
25... b5 26. h4 Bb6 $2 (26... a6 {hält den Damenläufer des Weißen
eingeschlossen.}) 27. Ba3 Rfe8 28. Bd3 bxa4 $6 (28... g6 {hält einigen Vorteil
fest.}) 29. Qxa4 $2 (29. Bxh7 Qd1+ 30. Kh2 {mußte unbedingt versucht werden:}
Qg1+ 31. Kh3 Qh1+ 32. Kg4 (32. Kg3 {scheitert an} Qe1+ 33. Kh3 Rd2) 32... Re6
33. Bf5 Rh6 34. g3 {mit ganz unklarer Stellung.}) 29... Qa2 $19 30. Kh2 Qa1 31.
Rf1 Qxc3 32. Be4 Re6 33. Bc1 Rd4 34. Qa6 Re8 35. Qe2 Re7 $6 (35... Red8 {
ist genauer; Weiß kann dem Damentausch nicht mehr ausweichen.}) 36. Qg4 Qc4 37.
Qf5 Qg8 38. Bxc6 Rf7 39. Qe6 Rc7 40. Qxg8+ Kxg8 41. Bf3 a5 42. Kg3 a4 43. Ba3
Rd3 44. Bd6 Rcc3 45. Kh2 Bc5 46. Bxc5 Rxc5 47. Rb1 Ra5 48. Bg4 a3 49. Rb8+ Kf7
50. Rb7+ Ke8 51. Be6 a2 52. Bxa2 Rxa2 53. Rxg7 Rf2 0-1

[Event "Olympiad-36"]
[Site "Mallorca"]
[Date "2004.10.25"]
[Round "10"]
[White "Mecking, Henrique"]
[Black "Megaranto, Susanto"]
[Result "0-1"]
[WhiteElo "2557"]
[BlackElo "2439"]
[Annotator "Huebner,R"]
[PlyCount "88"]
[EventDate "2004.10.15"]
[EventType "team-swiss"]
[EventRounds "14"]
[EventCountry "ESP"]
[SourceTitle "CBM 104"]
[Source "ChessBase"]
[SourceDate "2005.01.27"]
[SourceVersion "1"]
[SourceVersionDate "2005.01.27"]
[SourceQuality "1"]
[WhiteTeam "Brazil"]
[BlackTeam "Indonesia"]
[WhiteTeamCountry "BRA"]
[BlackTeamCountry "INA"]

1. d4 d5 2. c4 c6 3. Nf3 Nf6 4. Nc3 dxc4 5. a4 Bf5 6. Ne5 Nbd7 7. Nxc4 Nb6 8.
Ne5 e6 9. f3 Nfd7 10. Nxd7 Nxd7 11. e4 Bg6 12. Be3 Bd6 13. Be2 (13. Rc1 O-O 14.
Be2 f5 15. e5 f4 16. Bf2 Bb4 17. Qb3 Qe7 18. O-O Nb6 19. Ne4 Nd5 20. Bc4 Rad8
21. Nc3 Ne3 22. Bxe6+ Kh8 23. Bxe3 fxe3 24. Rfd1 c5 25. dxc5 Bxc5 26. Ne2 Rd2
27. Re1 b6 28. f4 Be4 29. Bh3 Qh4 {0-1 Pokorny,T-Meduna,E/Prague 1995/EXT 97 
(29).}) 13... Qc7 $11 14. Kf2 O-O 15. g3 e5 16. d5 {Dies führt zu einer
ausgeglichenen Stellung. Natürlich hat Weiß auch nach} (16. Kg2 f5 17. exf5
Bxf5 18. Re1 $11 {keinerlei Vorteil.}) 16... f5 17. Kg2 ({Nach} 17. dxc6 bxc6
18. exf5 Bxf5 19. Kg2 Rab8 {hat Weiß Sorgen mit dem Bauern auf b2.}) (17. exf5
Bxf5 18. Kg2 {ist aber spielbar.}) 17... fxe4 18. Nxe4 Bxe4 19. fxe4 Bc5 $6 (
19... Nf6 $11) 20. Bxc5 (20. Qb3 Kh8 (20... Qb6 21. Qxb6 axb6 22. Bc4 Kh8 23.
Rhe1 {mit Ausgleich.}) 21. Rhc1 {führt zum Ausgleich.}) 20... Nxc5 21. dxc6 $6
(21. Qc2 Nd7 (21... cxd5 {scheitert an} 22. Rac1 Rac8 23. Bg4 Qc6 24. Bxc8 Rxc8
25. Rhd1 dxe4 (25... Nxe4 26. Qb3 {führt unmittelbar zum Verlust für Schwarz.})
26. Qc4+ {mit Gewinnstellung für Weiß.}) 22. Rhf1 {gibt dem Weißen das
bequemere Spiel.}) 21... Rad8 22. Qc2 $2 ({Besser ist} 22. Rf1 {. Nach} Rxf1
23. Qxf1 Nxe4 (23... Qxc6 24. Bc4+ Kh8 25. Bd5 {braucht Weiß natürlich nicht
zu fürchten.}) 24. Rc1 bxc6 25. Qf3 Ng5 26. Qxc6 Qxc6+ 27. Rxc6 Rd2 28. Kf1
Rxb2 29. Rc5 $11 {kann Weiß sich halten.}) 22... Qxc6 23. Rad1 $6 ({Die
Fortsetzung} 23. Bc4+ Kh8 24. Bd5 Rxd5 25. exd5 Qxd5+ 26. Kh3 Ne4 27. Raf1 Ng5+
28. Kg4 Nf3 29. Kh3 e4 {sieht natürlich unbequem für Weiß aus, bietet aber
vielleicht die besten Rettungsaussichten.}) 23... Qxe4+ 24. Qxe4 Nxe4 25. Bf3
Nf6 $1 ({Nach} 25... Nc5 26. Bd5+ Kh8 27. b4 Nxa4 28. Bxb7 Rb8 29. Rhf1 {
sollte Weiß sich halten können.}) 26. Bxb7 Rxd1 $1 (26... Rb8 {bietet keine
besseren Gewinnaussichten. Nach} 27. Bd5+ Nxd5 28. Rxd5 Rxb2+ 29. Kh3 e4 30.
Re1 Rb4 31. a5 (31. Re5 Rxa4 32. R5xe4 Rxe4 33. Rxe4 a5 {ist hoffnungslos für
Weiß.}) (31. Ra5 Rf7 {ist nicht besser als der Textzug.}) 31... g6 32. Re5 Rf5
33. R1xe4 Rxe4 34. Rxe4 Rxa5 35. Re7 {hält Weiß remis.}) 27. Rxd1 Rb8 28. Bd5+
Kf8 29. b3 Rd8 30. Bf3 Rxd1 31. Bxd1 Ke7 32. b4 $2 {Das kostet einen Bauern,
und die Stellung wird ganz hoffnungslos.} ({Ob Schwarz nach} 32. Kf3 {gewinnen
kann, bedarf langwieriger Untersuchungen; ich überlasse sie den
Endspielexperten.}) (32. a5 {kommt ebenfalls als Verteidigungsversuch in
Betracht.}) 32... Nd5 33. Kf3 Nxb4 34. Ke4 Kd6 35. Bb3 Na6 36. Bg8 Nc5+ 37. Kf5
Nxa4 38. Bxh7 Nc3 39. Bg8 e4 40. h4 e3 41. Bc4 a5 42. g4 a4 43. h5 a3 44. g5 e2
0-1

[Event "Chigorin Memorial 07th"]
[Site "St Petersburg"]
[Date "1999.11.10"]
[Round "9"]
[White "Ulko, Jaroslav"]
[Black "Solozhenkin, Evgeniy"]
[Result "1/2-1/2"]
[WhiteElo "2454"]
[BlackElo "2544"]
[Annotator "Huebner,R"]
[PlyCount "137"]
[EventDate "1999.11.02"]
[EventType "swiss"]
[EventRounds "9"]
[EventCountry "RUS"]
[SourceTitle "CBM 074"]
[Source "ChessBase"]
[SourceDate "2000.02.01"]
[SourceVersion "1"]
[SourceVersionDate "2000.02.01"]
[SourceQuality "1"]

1. d4 d5 2. c4 c6 3. Nf3 Nf6 4. Nc3 dxc4 5. a4 Bf5 6. Ne5 e6 7. g3 Bb4 8. Nxc4
$2 (8. Bg2 {ist verständlicherweise populärer.}) 8... Qd5 9. Qb3 Na6 $6 (9...
Bxc3+ 10. bxc3 b5 {ist auch nicht schlecht:} 11. f3 bxc4 12. Qb7 c5 13. Qc8+
Qd8 14. Qxc5 Nbd7 {mit Gewinnstellung für Schwarz.}) 10. f3 Qxd4 11. e4 $6 Nxe4
$19 12. Be3 Nec5 13. Qd1 Nd3+ 14. Bxd3 Qxd3 15. Qxd3 Bxd3 16. Ne5 Bc2 17. Ke2
Bb3 18. Ne4 Bd5 19. Rhc1 f6 20. Nd3 Be7 21. a5 Kf7 22. h4 Rhd8 23. Ra4 h5 24.
Rc3 e5 25. Bf2 Nc7 26. Rc1 Ne6 27. Rc3 Nc7 28. Rc1 Nb5 29. Nec5 Nd6 30. Rb4
Rab8 31. Ra4 Nb5 32. f4 Bxc5 33. Nxc5 exf4 34. Rxf4 b6 35. axb6 axb6 36. Na4 c5
37. b4 Nd4+ 38. Bxd4 cxd4 39. Rc7+ Kg6 40. Rxd4 b5 41. Nc3 Bc4+ 42. Ke3 Re8+
43. Re4 Rxe4+ 44. Kxe4 Rd8 45. Rc5 Rd3 46. Ne2 Rb3 47. Nf4+ Kh7 48. Nxh5 Rxb4
49. Ke3 Rb3+ 50. Kf2 Rb2+ 51. Kf3 Rc2 52. Ke3 b4 53. Rc7 b3 54. Nxf6+ Kg6 55.
Ne4 b2 56. Rc6+ Kf7 57. Rc7+ Kf8 58. Rc8+ Ke7 59. Rc7+ Kd8 60. Rb7 Ba2 61. Nd2
Rxd2 62. Kxd2 b1=Q 63. Rxb1 Bxb1 64. Ke3 Ke7 65. Kf4 Kf6 66. h5 Bh7 67. g4 Ke6
68. g5 Bg8 69. Ke4 1/2-1/2

[Event "EU-chT (Men) 12th"]
[Site "Batumi"]
[Date "1999.12.07"]
[Round "9.3"]
[White "Babula, Vlastimil"]
[Black "Hillarp Persson, Tiger"]
[Result "1-0"]
[WhiteElo "2567"]
[BlackElo "2507"]
[Annotator "Huebner,R"]
[PlyCount "93"]
[EventDate "1999.11.06"]
[EventType "team-swiss"]
[EventRounds "9"]
[EventCountry "GEO"]
[SourceTitle "CBM 074"]
[Source "ChessBase"]
[SourceDate "2000.02.01"]
[SourceVersion "1"]
[SourceVersionDate "2000.02.01"]
[SourceQuality "1"]
[WhiteTeam "Czech Republic"]
[BlackTeam "Sweden"]
[WhiteTeamCountry "CZE"]
[BlackTeamCountry "SWE"]

1. d4 d5 2. c4 c6 3. Nf3 Nf6 4. Nc3 dxc4 5. a4 Bf5 6. Ne5 e6 7. f3 c5 8. dxc5 {
Üblicher ist} (8. e4 {siehe Z. Ribli, Slawisch D16-19 (Informatormonographie)
D 17/59.}) 8... Qxd1+ 9. Kxd1 Nc6 10. Nxc6 bxc6 11. e4 Bg6 12. Bxc4 Bxc5 13.
Ke2 (13. Bf4 Nh5 $6 (13... Nd7 $5) 14. Bd2 Rb8 15. Kc2 e5 16. Rhe1 Nf4 17. Bxf4
exf4 18. Rad1 Ke7 $11 {1/2-1/2 Alekhine,A-Bogoljubow,E/GER\NLD 1929/MainBase/
[ChessBase] (70)}) 13... Rb8 14. a5 Nd7 15. Na4 Bd4 16. Be3 c5 $6 {Danach
bekommt Weiß die c-Linie unter Kontrolle.} (16... Bxe3 17. Kxe3 Ke7 $11 {
führt zu gleichem Spiel.}) 17. Bxd4 cxd4 18. Rhc1 O-O ({Nach} 18... Ke7 19. Ba6
Kd6 ({Die Fortsetzung} 19... Rhd8 20. Rc7 Kd6 21. Rxa7 Ra8 22. Rxa8 Rxa8 23.
Bb5 {ist unzureichend für Schwarz, denn} Rxa5 {scheitert an} 24. Bxd7) 20. Rc4
e5 21. Rac1 {ist die Lage des Nachziehenden ungemütlich.}) 19. Ba6 f5 20. Rc7
Ne5 21. exf5 Rxf5 22. Rac1 ({Nicht überzeugend ist die Fortsetzung} 22. Rxa7
Nc6 23. Rc7 Nxa5 $11) 22... Rb4 $2 (22... Be8 {bot viel bessere Aussichten,
zum Beispiel} 23. Rc8 Rxc8 24. Rxc8 Rf8 25. Nc5 Bb5+ 26. Kd1 Bxa6 27. Rxf8+
Kxf8 28. Nxa6 Ke7 {, und Schwarz hat nichts zu fürchten.}) 23. b3 Rxb3 24. Rxa7
{Der a-Bauer des Weißen ist nun äußerst gefährlich; die Figuren des Schwarzen
sind nicht zahlreich genug um den König des Weißen, der wenig geschützt ist,
ernsthaft zu bedrohen.} Re3+ (24... Ra3 {dürfte nicht zur Rettung hinreichen:}
25. Bb5 h5 26. Nc5 ({Die Fortsetzung} 26. Rc8+ Kh7 27. Raa8 Nf7 {ist nicht
klar.}) 26... Rf7 27. Ra8+ Rf8 ({Auch nach} 27... Kh7 28. Nxe6 Re7 29. Nf8+ Kh6
30. Nxg6 Kxg6 31. Kd2 {schwebt Schwarz in Verlustgefahr.}) 28. Rxf8+ Kxf8 29.
Nxe6+ Kf7 30. Nxd4 Rxa5 31. f4 {, und Weiß gewinnt.}) 25. Kd1 $6 (25. Kf1 {
zur Deckung des Bauern auf g2 sieht natürlicher aus.}) 25... h5 26. Nc5 $6 (26.
Rcc7 {sieht gefährlicher aus.}) 26... Bf7 $2 ({Die Fortsetzung} 26... Nc6 27.
Ra8+ Kh7 28. Bd3 Rg5 {bot ausreichendes Gegenspiel. Nach dem Textzug gewinnt
der a-Bauer überwältigende Kraft.}) 27. Bb5 h4 28. h3 Rg5 29. Bf1 Ra3 30. a6
Ra2 31. Ra8+ Kh7 32. a7 Bh5 33. Rh8+ Kxh8 34. Na6 Kh7 35. a8=Q Rf5 36. Rc8 Ra1+
37. Kd2 Rxf1 38. Rh8+ Kg6 39. Qe8+ Kf6 40. Qd8+ Kf7 41. Qe8+ Kf6 42. Rxh5 Rf2+
43. Kd1 Rxg2 44. Nc5 Rxh5 45. Qxh5 g5 46. Qh8+ Kf5 47. Qf8+ 1-0

[Event "Capablanca Memorial Elite 33rd"]
[Site "Havana"]
[Date "1998.05.22"]
[Round "11"]
[White "Bacrot, Etienne"]
[Black "Morovic Fernandez, Ivan"]
[Result "0-1"]
[WhiteElo "2565"]
[BlackElo "2600"]
[Annotator "Huebner,R"]
[PlyCount "80"]
[EventDate "1998.05.07"]
[EventType "tourn"]
[EventRounds "11"]
[EventCountry "CUB"]
[EventCategory "12"]
[SourceTitle "CBM 065"]
[Source "ChessBase"]
[SourceDate "1998.08.06"]
[SourceVersion "1"]
[SourceVersionDate "1998.08.06"]
[SourceQuality "1"]

1. d4 {Hecht} d5 2. Nf3 Nf6 3. c4 c6 4. Nc3 dxc4 5. a4 Bf5 6. Ne5 Nbd7 7. Nxc4
Qc7 8. g3 e5 9. dxe5 Nxe5 10. Bf4 Nfd7 11. Bg2 f6 12. O-O Be6 13. Nxe5 fxe5 14.
Be3 Bc5 {Dieses altertümliche Abspiel bietet dem Nachziehenden wenig
Gewinnaussichten, doch sollte er die Stellung bei sorgfältigem Spiel wohl
halten können.} 15. Bxc5 {Dies scheint mir nicht die genaueste Fortsetzung zu
sein; Weiß aktiviert den Springer des Gegners und läßt ihn im Kampf um den
wichtigen Punkt e4 teilnehmen. Aussichtsreicher ist} (15. Qc1 O-O (15... Bxe3
16. Qxe3 Qb6 17. Qd2 (17. a5 Qxe3 18. fxe3 a6 19. Ne4 Ke7 $11 {1/2-1/2 Klein,
E-Capablanca,J/Margate 1935 (33)}) 17... O-O $6 (17... Qb4 $5) 18. a5 Qd4 19.
Rad1 Qxd2 20. Rxd2 a6 21. Ne4 Rad8 22. Rd6 Bd5 23. Rd1 Kf7 $2 24. Ng5+ Ke7 25.
R1xd5 {1-0 Ftacnik,L-Meduna,E/Tatran Cup 1983}) 16. a5 (16. Bxc5 Nxc5 17. Qe3
Nb3 18. Rad1 Na5 $6 (18... Rfe8 $5) 19. Ne4 Nc4 20. Qc3 Rae8 21. Ng5 Qe7 22.
Nxe6 Qxe6 23. a5 Nd6 24. a6 $16 {1-0 Bogoljubow,E-Araiza,J/San Remo 1930 (42)})
16... h6 17. Rd1 Bxe3 18. Qxe3 a6 19. b4 Rf7 20. Na4 Nf6 21. Qb6 Bb3 22. Rd3
Bxa4 23. Qxc7 Rxc7 24. Rxa4 Rd7 25. Rxd7 {1/2-1/2 Stohl,I-Huebner,R/Mitropa
Cup 1993}) (15. Ne4 {verspricht keinen Vorteil:} Bxe3 16. fxe3 O-O-O 17. Ng5
Nf6 18. Qc2 Bg8 19. Rad1 Rxd1 20. Rxd1 h6 $11 {1-0 Capablanca,J-Dake,A/New
York 1931 (60)}) 15... Nxc5 16. Ne4 $6 ({Präziser ist} 16. b4 {obwohl Weiß
auch mit diesem Zug nicht auf Vorteil hoffen kann:} Nb3 17. Ra3 Rd8 18. Qc2 Nd4
19. Nb5 Nxc2 20. Nxc7+ Ke7 21. Nxe6 Nxa3 22. Nxd8 Rxd8 {1/2-1/2 Capablanca,
J-Vidmar,M/Karlsbad 1929}) 16... Rd8 17. Qb1 {Nach diesem Zug bleibt der
Damenturm des Weißen außer Spiel.} (17. Qc2 Nb3 18. Rae1 {kam in Betracht.})
17... Nb3 18. Ra3 h6 19. e3 O-O 20. Qc2 Qf7 (20... Qb6 {ist weniger genau.
Weiß kann mit der Fortsetzung} 21. Qc3 Rfe8 22. Re1 Bf7 23. a5 Qb5 24. Bf1 Qd5
25. Bg2 $11 {ausgleichen.}) 21. f4 (21. Qc3 Bc4 22. Re1 Rfe8 {sieht
ungemütlich für Weiß aus.}) 21... exf4 (21... Bc4 22. Rf2 exf4 23. Rxf4 Qe6 24.
Bh3 Qd5 {kam ebenfalls in Betracht.}) 22. Rxf4 (22. exf4 Nd4 23. Qf2 Bb3 24.
Nc5 Bd5 {überläßt dem Schwarzen Druck.}) 22... Qd7 23. Bf3 (23. Rxf8+ Kxf8 24.
Bf3 (24. Nf2 Qd2 $17) 24... Nd2 {läuft auf die Partiefortsetzung hinaus.})
23... Nd2 ({Es ist schwer zu entscheiden, ob} 23... Qd3 24. Qxd3 Rxd3 25. Rxf8+
Kxf8 26. Kf2 b6 {dem Schwarzen bessere Aussichten bot.}) 24. Nxd2 Qxd2 25. Qxd2
Rxd2 26. b4 a6 27. b5 $2 {Weiß verschafft dem Gegner freiwillig einen höchst
gefährlichen entfernten Freibauern. Zu einer haltbaren Stellung führt} (27. Rd4
{zum Beispiel} Rb2 (27... Rxd4 28. exd4 Rd8 29. Re3 Kf7 30. Re4 $11) 28. e4 Bb3
29. Bg4 $11) 27... axb5 28. Rxf8+ Kxf8 29. axb5 cxb5 30. Ra8+ Ke7 31. Rb8 Rd7
32. Bxb7 Rd8 $1 {Weiß ist verloren.} 33. Rxd8 Kxd8 {Hecht [#] Feature: the
outside black passed pawn in an unblocked position. [#] Merkmal: entfernter
schwarzer Freibauer bei nicht blockierter Stellung.} 34. Kf2 Kc7 35. Be4 Kd6
36. Ke1 Kc5 37. Kd2 Kb4 38. Bc6 Bc4 39. Kc2 Be6 (39... Ka3 {[%cal Yb5b4,Yc4a2]
Hecht} 40. Kc3 Bf1 41. Kd4 b4 42. e4 Bg2 (42... b3 43. e5 b2 44. Be4 Ka2 45. e6
b1=Q 46. Bxb1+ Kxb1 47. e7 Bb5 48. Kc5 Ba4 49. Kd6 Kc1 50. Kc7 Kd2 51. Kd8 Ke3
52. e8=Q+ Bxe8 53. Kxe8 $11) 43. Be8 b3 44. Bg6 b2 45. e5 $11) 40. h4 Kc4 (
40... Kc4 {Hecht The general black strategy is as follows: ...Bd5 together
with ...Be4 with the advance of the b-pawn, if the white king goes right; or
the capture of White's pawns if the white king goes left. If White prevents ...
Bd5-e4, it could go like this: Die allgemeine schwarze Strategie lautet: Ld5
samt Le4 mit Vormarsch des b-Bauern, falls der weiße König sich nach rechts
wendet oder Eroberung der weißen Bauern, falls er sich nach links wendet.
Verhindert Weiß Le6-d5-e4, könnte es so gehen:} 41. Be4 b4 42. Bd3+ Kc5 43. Kb2
Kd6 44. Kc2 Ke5 45. Kb2 Bf5 46. Bc4 Ke4 47. Kb3 Kxe3 48. Kxb4 Kf3 $19) 0-1

[Event "Hoogeveen Essent Crown"]
[Site "Hoogeveen"]
[Date "2005.10.28"]
[Round "5"]
[White "Sokolov, Ivan"]
[Black "Harikrishna, Pentala"]
[Result "1/2-1/2"]
[WhiteElo "2696"]
[BlackElo "2673"]
[Annotator "Huebner,R"]
[PlyCount "71"]
[EventDate "2005.10.21"]
[EventType "tourn"]
[EventRounds "6"]
[EventCountry "NED"]
[EventCategory "16"]
[SourceTitle "CBM 110"]
[Source "ChessBase"]
[SourceDate "2006.01.31"]
[SourceVersion "1"]
[SourceVersionDate "2006.01.31"]
[SourceQuality "1"]

1. d4 d5 2. c4 c6 3. Nc3 Nf6 4. Nf3 dxc4 5. a4 Bf5 6. Ne5 Nbd7 7. Nxc4 Qc7 8.
g3 e5 9. dxe5 Nxe5 10. Bf4 Nfd7 11. Bg2 g5 12. Bxe5 Nxe5 13. Qd4 f6 14. O-O-O
Rd8 {Dieser Zug wurde bisher noch nicht gespielt. Er dürfte zum Ausgleich
genügen. Es folgen einige der aus dieser Stellung heraus früher gespielten
Partien:} (14... Be6 15. Ne3 Bg7 16. f4 gxf4 17. gxf4 Nf7 18. Qe4 Qe7 19. Nf5
Bxf5 20. Qxf5 Nd6 21. Qh5+ Kf8 22. Rd3 Nc4 23. Ne4 Nxb2 24. Kxb2 Qb4+ 25. Kc1
Re8 26. Qc5+ Qxc5+ 27. Nxc5 Rxe2 28. Bf3 Rf2 29. Re1 Bh6 30. Rd8+ {1-0 Gelfand,
B-Kobalija,M/playchess.com INT 2004/EXT 2005 (30).}) (14... Be7 15. Ne4 (15.
Ne3 Be6 16. Qe4 Bb3 17. Rd2 O-O 18. h4 gxh4 19. Qxh4 Rf7 20. Nf5 Kh8 21. Be4
Raf8 22. f4 Nc4 23. Ng7 Rxg7 24. Bxh7 f5 25. Qh5 Bh4 26. Bxf5+ {1-0 Jobava,
B-Grischuk,A/Mallorca 2004/CBM 104 no vc (26).}) (15. Nxe5 Qxe5 16. Qxe5 fxe5
17. Be4 Be6 18. f3 Rd8 19. g4 O-O 20. Rxd8 Rxd8 21. Rd1 Rd4 22. e3 Rxd1+ 23.
Kxd1 a5 24. Bf5 Bb3+ 25. Bc2 {1/2-1/2 Rowson,J-Johannessen,L/Mallorca 2004/CBM
104 no vc (25).}) 15... O-O (15... Rd8 16. Qc3 Rxd1+ 17. Rxd1 Nxc4 18. Qxc4 Qe5
19. Qd4 Qxd4 20. Rxd4 Kf7 21. a5 a6 22. Nd6+ Bxd6 23. Rxd6 Re8 24. Kd2 Re5 25.
b4 Rb5 26. Rd4 Be6 27. Be4 h6 28. Bd3 Re5 29. Kc3 Ke7 30. f3 Bd5 31. Kd2 Ke8
32. Bg6+ Kf8 33. f4 gxf4 34. gxf4 Re7 35. Bf5 Ke8 36. e4 Be6 37. Bxe6 Rxe6 38.
Ke3 f5 39. Kf3 Rf6 40. e5 Rg6 41. Rd2 Rg4 42. Rg2 Rh4 43. Rg8+ Kf7 44. Rb8 Rxh2
45. Rxb7+ Ke6 46. Rb6 Kd7 47. Rxa6 Rh3+ 48. Kg2 Rb3 49. Ra8 {1-0 Mikhalevski,
V-Rodshtein,M/Ramat Aviv 2004/CBM 102 ext (49).}) 16. Nxg5 b5 17. Nxe5 fxe5 18.
Qe3 bxa4 19. Be4 a3 20. Bxf5 Rxf5 21. Ne4 Rb8 22. bxa3 Qa5 23. Rd3 Qb5 24. Kd2
Qa5+ 25. Kc1 Qb5 26. Kd2 {1/2-1/2 Erdos,V-Ronchetti,N/Heraklio 2004/EXT 2005 
(26).}) (14... Nxc4 15. Qxc4 Bd6 16. Be4 Bh3 17. Qd3 Be5 18. Bf5 Bxf5 19. Qxf5
Qc8 20. Qe4 O-O 21. h4 g4 22. Rd2 Qe6 23. Rhd1 Rf7 24. Rd6 Qxd6 25. Rxd6 Bxd6
26. Qxg4+ Kf8 27. Qf5 Be5 28. Ne4 Rd8 29. e3 Rd5 30. Qc8+ Kg7 31. g4 c5 32. f4
Bc7 33. g5 Bd8 34. gxf6+ Bxf6 35. Qe6 Rd3 36. Nd6 {1-0 Jobava,B-Kulaots,K/
Instanbul 2004/CBM 102 ext (36).}) 15. Qe3 Be7 {Solider ist vielleicht} (15...
Rxd1+ 16. Rxd1 Be7 17. Nxe5 fxe5 18. Qxa7 O-O 19. Qe3 $14) 16. Rxd8+ {Auf den
Turmtausch sollte Weiß nicht verzichten:} (16. Nxe5 Qxe5 17. Qxa7 $2 Qxc3+ 18.
bxc3 Ba3#) 16... Kxd8 17. Nxe5 Qxe5 18. Qxa7 Ba3 {Das ist die Pointe der
Spielführung des Schwarzen.} 19. Rd1+ (19. Kd2 Kc7 (19... Bxb2 {scheitert an}
20. Qb6+) 20. Nb5+ (20. Rc1 Bb4 21. Ke1 Re8 22. e3 Ba5 {ist riskant für Weiß:}
23. Bxc6 {scheitert an} Kxc6 24. Ke2 Qc5 25. Na2 Bg4+ 26. Kf1 Qxc1+ 27. Nxc1
Bb6) 20... cxb5 21. Rc1+ Kd6 22. bxa3 (22. Qb6+ Ke7 23. Rc7+ Kf8 24. bxa3 Qb2+
{führt zum Dauerschach.}) 22... Qb2+ 23. Kd1 Rd8 24. Qe3 bxa4 25. Ke1 Rd7 {
Schwarz dürfte sich halten können.}) 19... Kc8 20. Qd4 (20. Rd4 Qc5 {kommt auf
das Gleiche hinaus.}) 20... Qxd4 21. Rxd4 Bc5 22. Rd2 Be6 23. e3 Kc7 24. Kc2 h5
25. b3 h4 26. Bf1 hxg3 27. hxg3 Bb4 28. Bc4 {Dies führt sofort zum Remis; der
Vorteil des Weißen ist jedoch für ernsthafte Gewinnversuche nicht groß genug.}
Bxc4 29. bxc4 Ra8 30. f4 gxf4 31. gxf4 Bxc3 32. Kxc3 Rxa4 33. Rh2 Kd6 34. Rh6
Ke6 35. e4 b5 36. cxb5 1/2-1/2